000 01330nam a22002537a 4500
005 20170124103125.0
010 _aA-439136
020 _c150.00
_a8185078416
035 _aA-439136
037 _bCen Lib/Ret
040 _aDPL
_bHN
082 _a398.2
_bझामोह
100 _aझा, मोहनानन्द
_945684
245 _aमिथिला सांस्कृतिक परम्परा में लोकगीत :
_cमोहनानन्द झा
_bशैक्षिक-समाजशास्त्रीय परिप्रेक्ष्य में अध्य्यन /
246 _aMithila sanskritik parampara me lokgeet : shaishik-samajshastreey paripekshey me adhyyan /
_bby Mohananand Jha
260 _aपटना
_bजानकी प्रकाशन
_c1989
270 _aअशोक राजपथ, चौहट्टा
_bपटना
300 _a276पृ.
_c20सेमी(सजिल्द)
650 _aलोकगीत -- सामाजिक स्वरुप
_97272
650 _aमैथिलि लोकगीत -- राजनैतिक तत्व
_982948
650 _aFolklore - social nature
_982949
650 _aMaithili folklore - political element
_982950
942 _2ddc
_cHN
_h398.2
_mझामोह
999 _c119017
_d119017